Не ангел я…, Стихи

Podrobná bibliografie
Hlavní autor: А. И. Антонов
Shrnutí:Книга находится в премиум-версии платформы «Русский как иностранный».
Александр Антонов ворвался в поэзию стремительно. Пройдя годы безвременья, накопив за это время эмоции, опыт, сориентировавшись в координатах художественного мира, поэт предстал перед нами настоящим носителем высокого поэтического духа, мужественным писателем и тонким лириком, ощущающим и берущим на себя всю ответственность творца за мироздание. У Александра Антонова сейчас лучшая поэтическая пора. Надеюсь, что талант мастера поэтического слова приведет его к новым духовным и художественным вершинам.
Vydáno: Москва, РИПОЛ классик, 2009
Témata:
On-line přístup:Перейти к просмотру издания
Médium: MixedMaterials Elektronický zdroj

MARC

LEADER 00000 a2200000 4500
001 RU/ROS-EDU.RU/37450
856 4 |u https://www.ros-edu.ru/book?id=37450  |z Перейти к просмотру издания 
010 |a 978-5-386-01134-5 
100 |a 20090101d2009 |||y0rusy0250  
105 |a y z 000zy 
101 0 |a rus 
102 |a RU 
200 1 |a Не ангел я…  |b Электронный ресурс  |e Стихи  |f А. И. Антонов 
700 1 |b А. И.  |a Антонов  |4 070 
330 |a Александр Антонов ворвался в поэзию стремительно. Пройдя годы безвременья, накопив за это время эмоции, опыт, сориентировавшись в координатах художественного мира, поэт предстал перед нами настоящим носителем высокого поэтического духа, мужественным писателем и тонким лириком, ощущающим и берущим на себя всю ответственность творца за мироздание. У Александра Антонова сейчас лучшая поэтическая пора. Надеюсь, что талант мастера поэтического слова приведет его к новым духовным и художественным вершинам. 
210 |a Москва  |c РИПОЛ классик  |d 2009 
610 1 |a ангел 
610 1 |a стихи 
610 1 |a Александр Антонов 
610 1 |a лирика 
610 1 |a поэзия 
675 |a 82 
686 |a 84(2Рос=Рус)  |2 rubbk 
300 |a Книга находится в премиум-версии платформы «Русский как иностранный». 
215 |a 192 с.